000 00826nam a2200253 i 4500
001 bg
100 1 _aLeigh, Stuart.
245 0 0 _aTuning in the USA :
_blistener's guide 1 : programs 1-26 /
_cradio plays by Stuart Leigh and Rebecca Kalin ; characters created by Alvin Cooperman and George Lefferts.
260 _aNew York [etc.] :
_bMaxwell Macmillan International Publishing Group ;
_bCollier Macmillan,
_ccop. 1990.
300 _aVIII, 168 s. :
_bil. ;
_c28 cm.
650 4 _aJęzyk angielski
655 _aPodręczniki
700 1 _aKalin, Rebecca.
700 1 _aCooperman, Alvin.
700 1 _aLefferts, George.
020 _a0023454733
040 _cBPK
041 0 _aeng
044 _aUSA
080 _a811.111(07)
920 _a0-02-345473-3
942 _cKS
008 100830s1990 us |001 0 eng
999 _c49647
_d49647